000 00386nam a2200157 4500
005 20260504120111.0
008 260504b |||||||| |||| 00| 0 eng d
020 _a9789692383707
082 _a891
_bMUH-A
100 _aMuhammad Asghar Aijaz
245 _aAsrar E Khudi
260 _aRawalpindi Pakistan
_bShouq Publications
300 _a144p
650 _aEnglish
942 _cBK
999 _c47483
_d47483